000 00440cam a2200181ua 4500
020 _c0.25
041 _ahin
_h
082 _a891.54
_bGAN/SA
100 _aGandhiji, .
245 _aSatyagruh ashram ka ithihas /
_cGandhiji.
_hTextual Documents
250 _a1 /
_b.
260 _aAhmadabad :
_bNavajivan publishing house ,
_c1948.
300 _a98 ; .
365 _a0.25
504 _a
942 _cBK
999 _c8385
_d8385